000 00563nam a2200169Ia 4500
008 151018s9999 xx 000 0 und d
082 _bRBASDV4719
_a891.463
100 _aवि स खांडेकर
245 _aरिकामा देव्हारा
260 _bनिर्णयसागर
300 _a135
600 _aवि स खांडेकर
630 _aरिकामा देव्हारा
700 _aवि स खांडेकर
730 _aरिकामा देव्हारा
942 _cBOOK
999 _c1007105
_d1007102